| 000 | 01603nam a2200325 a 4500 | ||
|---|---|---|---|
| 001 | 000046663 | ||
| 003 | DO-SdBNP | ||
| 005 | 20260304085435.0 | ||
| 007 | ta | ||
| 008 | 091204e2014 dr a gr 001 ebspa d | ||
| 020 | _a9789945468434 | ||
| 040 |
_aDO-SdBNP _bspa _cBNPHU |
||
| 082 |
_a923.27293 _bSa593G, 2014 |
||
| 100 | 1 |
_aSantana, Osvaldo _950268 |
|
| 245 | 1 | 0 |
_aJosé Francisco Peña Gómez : _bsus orígenes / _cOsvaldo Santana ; ilustaciones José Mercader. |
| 250 | _a4a ed. | ||
| 260 |
_aSanto Domingo : _bTobogán, _c2014 |
||
| 300 |
_a104 p. : _bil. ; _c21 cm. |
||
| 490 | 1 | _aBiografías Dominicanas Tobogán ; | |
| 500 | _aAprobado por la Secretaría de Estado de Educación, como material de consulta para docentes y estudiantes. | ||
| 500 | _aIncluye datos biográficos del autor en la solapa de la contracubierta. | ||
| 505 |
_aPresentación. _tUn orígen ligado a la matanza de haitianos.-- _tPeña Gómez nació en el Flaco.-- _tLos padres carnales de Peña Gómez.-- _tEl niño José Francisco llega a Mao.-- _tMría L. Núñez bautizó a Peña Gómez.-- _tPeña Gómez inicia sus estudios.-- _tIncierto origen y destino de los padres de Peña Gómez.-- _tPeña no sabía que ocurrió a sus padres.-- _tPeña Gómez fue limpiabotas.-- _tSíntesis de vida. |
||
| 590 | _aInventariado, 2018/ YL | ||
| 600 | 1 | 0 |
_aPeña Gomez, Jose Francisco , _d1937-1998 _92994 |
| 650 | 4 |
_aPolíticos _zRepública Dominicana _91349 |
|
| 651 | 4 |
_aRepública Dominicana _xHistoria _9170 |
|
| 700 | 1 |
_aMercader, José _eil. _956560 |
|
| 830 | 0 |
_aBiografías Dominicanas Tobogán _9769 |
|
| 942 |
_2ddc _cLBS1 |
||
| 999 |
_c46152 _d46152 |
||